Which River? - Multiple Choice - Statistics

General Stats
  • This quiz has been taken 16 times
  • The average score is 10 of 15
Answer Stats
Question Answer % Correct
Out of any European river, this one flows through the most capital cities. Danube
100%
River that runs along the border of Texas and Mexico Rio Grande
100%
The river that London, U.K. is on. Thames
100%
The two main branches of the Nile. White Nile and the Blue Nile
92%
The longest river in France. Loire
85%
The river that flows through Rome, Italy Tiber
85%
The river that Victoria Falls is on. Zambezi
85%
The river that runs through the Ukrainian cities of Kyiv and Dnipro Dnieper
77%
The longest river in all of Australia Murray
77%
The longest river in India. Ganges
69%
This river flows through the center of Dublin, Ireland. Liffey
54%
The longest river in all of Canada. Mackenzie
46%
This river flows through Rockford, Illinois, and just south of Moline and Rock Island, Illinois. Rock
23%
The river that runs along the border of Uruguay and Argentina Uruguay
23%
River that flows through downtown Portland, Oregon. Williamete
8%
No matching quizzes found
Score Distribution
Percent of People with Each Score
Percentile by Number Answered
Your Score History
You have not taken this quiz